[Event "Rapid 2018"]
[Site "Saint-Petersburg"]
[Date "2018.12.28"]
[Round "15"]
[Board "44"]
[White "Carlsson Pontus (SWE)"]
[Black "Amin Bassem (EGY)"]
[Result "1/2-1/2"]
[LiveChessVersion "1.4.8"]
[BlackElo "2630"]
[WhiteElo "2463"]

1. e4 {[%clk 0:15:17]} e5 {[%clk 0:15:14]} 2. Nf3 {[%clk 0:15:26]} Nc6
{[%clk 0:15:22]} 3. d4 {[%clk 0:15:34]} exd4 {[%clk 0:15:30]} 4. Nxd4
{[%clk 0:15:42]} Nf6 {[%clk 0:15:39]} 5. Nc3 {[%clk 0:15:50]} Bb4
{[%clk 0:15:47]} 6. Nxc6 {[%clk 0:15:58]} bxc6 {[%clk 0:15:55]} 7. Bd3
{[%clk 0:16:06]} d5 {[%clk 0:16:01]} 8. exd5 {[%clk 0:16:15]} Qe7+
{[%clk 0:16:09]} 9. Qe2 {[%clk 0:16:06]} Qxe2+ {[%clk 0:16:17]} 10. Kxe2
{[%clk 0:16:13]} cxd5 {[%clk 0:16:25]} 11. Bf4 {[%clk 0:13:42]} c6
{[%clk 0:16:28]} 12. a3 {[%clk 0:13:21]} Be7 {[%clk 0:16:09]} 13. Rhe1
{[%clk 0:12:24]} O-O {[%clk 0:16:05]} 14. Kf1 {[%clk 0:12:30]} Be6
{[%clk 0:16:00]} 15. Bg5 {[%clk 0:11:06]} h6 {[%clk 0:15:53]} 16. Bh4
{[%clk 0:11:13]} g5 {[%clk 0:15:38]} 17. Bg3 {[%clk 0:11:20]} Nh5
{[%clk 0:15:27]} 18. Be5 {[%clk 0:11:21]} a5 {[%clk 0:15:08]} 19. Na4
{[%clk 0:10:41]} c5 {[%clk 0:14:53]} 20. Nb6 {[%clk 0:10:05]} Ra7
{[%clk 0:14:59]} 21. c4 {[%clk 0:09:40]} d4 {[%clk 0:14:35]} 22. Nd5
{[%clk 0:08:35]} Bxd5 {[%clk 0:14:27]} 23. cxd5 {[%clk 0:08:44]} Rd8
{[%clk 0:14:25]} 24. Bc4 {[%clk 0:08:44]} Kf8 {[%clk 0:13:40]} 25. a4
{[%clk 0:08:34]} Bd6 {[%clk 0:13:40]} 26. Rac1 {[%clk 0:08:09]} Rc7
{[%clk 0:13:21]} 27. Bb5 {[%clk 0:05:52]} Nf4 {[%clk 0:12:45]} 28. Bf6
{[%clk 0:05:04]} Rb8 {[%clk 0:12:40]} 29. Be5 {[%clk 0:04:29]} Rd8
{[%clk 0:11:41]} 30. Bf6 {[%clk 0:04:31]} Rdc8 {[%clk 0:11:45]} 31. Bc4
{[%clk 0:03:58]} Nh5 {[%clk 0:10:31]} 32. Be5 {[%clk 0:04:03]} Bxe5 33. Rxe5
{[%clk 0:04:11]} Re7 {[%clk 0:10:35]} 34. Rce1 {[%clk 0:03:16]} Rce8
{[%clk 0:10:21]} 35. Rxe7 {[%clk 0:03:19]} Rxe7 {[%clk 0:10:31]} 36. Rc1
{[%clk 0:03:26]} Nf6 {[%clk 0:10:26]} 37. Bb5 {[%clk 0:02:49]} Nxd5
{[%clk 0:09:22]} 38. Rxc5 {[%clk 0:02:56]} Nb4 {[%clk 0:09:30]} 39. Rc8+
{[%clk 0:01:24]} Kg7 {[%clk 0:09:39]} 40. g3 {[%clk 0:01:26]} d3 {[%clk 0:08:41]}
41. Rd8 {[%clk 0:01:27]} Re2 {[%clk 0:08:45]} 42. Rxd3 {[%clk 0:01:02]} Rxb2
{[%clk 0:08:49]} 43. Rd7 {[%clk 0:01:02]} Rb1+ {[%clk 0:07:21]} 44. Ke2
{[%clk 0:00:51]} Rb2+ {[%clk 0:07:30]} 45. Kf3 {[%clk 0:00:39]} Kg6
{[%clk 0:06:45]} 46. Rd6+ {[%clk 0:00:29]} f6 {[%clk 0:06:37]} 47. g4
{[%clk 0:00:29]} Nc2 {[%clk 0:06:16]} 48. Bd3+ {[%clk 0:00:22]} Kf7
{[%clk 0:06:24]} 49. Bc4+ {[%clk 0:00:15]} Kg7 {[%clk 0:05:09]} 50. Rd7+
{[%clk 0:00:21]} Kh8 {[%clk 0:05:16]} 51. Rd8+ {[%clk 0:00:19]} Kg7
{[%clk 0:05:24]} 52. Rd7+ {[%clk 0:00:29]} Kh8 {[%clk 0:05:29]} 53. Rd8+
{[%clk 0:00:13]} Kg7 {[%clk 0:05:38]} 54. Rd7+ {[%clk 0:00:17]} Kh8
{[%clk 0:05:05]} 55. Rd8+ {[%clk 0:00:13]} Kg7 {[%clk 0:05:13]} 56. Rd7+
{[%clk 0:00:21]} Kh8 {[%clk 0:03:41]} 57. Ke4 {[%clk 0:00:15]} Rb4
{[%clk 0:03:37]} 58. Kd5 {[%clk 0:00:15]} Rxa4 59. Rc7 {[%clk 0:00:12]} Na3
{[%clk 0:03:21]} 60. Rc8+ {[%clk 0:00:13]} Kg7 {[%clk 0:03:30]} 61. Rc7+
{[%clk 0:00:22]} Kf8 {[%clk 0:03:39]} 62. Bd3 {[%clk 0:00:28]} Rxg4
{[%clk 0:03:05]} 63. Rc3 {[%clk 0:00:15]} Rf4 {[%clk 0:02:04]} 64. Rxa3
{[%clk 0:00:19]} Rxf2 {[%clk 0:01:43]} 65. Rxa5 Rd2 {[%clk 0:01:49]} 66. Ke4
{[%clk 0:00:16]} Rxh2 {[%clk 0:01:49]} 67. Kf5 {[%clk 0:00:17]} Rf2+
{[%clk 0:01:51]} 68. Ke6 {[%clk 0:00:20]} h5 {[%clk 0:01:36]} 69. Bf5
{[%clk 0:00:13]} g4 {[%clk 0:01:21]} 70. Kxf6 {[%clk 0:00:18]} Re2
{[%clk 0:01:30]} 71. Be6 {[%clk 0:00:12]} Rf2+ {[%clk 0:01:39]} 72. Bf5
{[%clk 0:00:18]} Re2 {[%clk 0:01:48]} 73. Ra3 {[%clk 0:00:20]} Re1
{[%clk 0:01:42]} 74. Kg6 {[%clk 0:00:20]} Re5 {[%clk 0:01:24]} 75. Kf6
{[%clk 0:00:16]} Re1 {[%clk 0:01:25]} 76. Rb3 {[%clk 0:00:23]} Re2
{[%clk 0:01:30]} 77. Rc3 {[%clk 0:00:22]} Re1 {[%clk 0:01:38]} 78. Rc8+
{[%clk 0:00:28]} Re8 {[%clk 0:01:46]} 79. Rc3 {[%clk 0:00:37]} Re1
{[%clk 0:01:53]} 80. Rb3 {[%clk 0:00:41]} Re2 {[%clk 0:02:01]} 81. Kg5
{[%clk 0:00:44]} Re5 {[%clk 0:02:07]} 82. Kf4 {[%clk 0:00:36]} Rc5
{[%clk 0:02:05]} 83. Rb8+ {[%clk 0:00:15]} Kg7 {[%clk 0:02:06]} 84. Rb7+
{[%clk 0:00:24]} Kf6 {[%clk 0:02:13]} 85. Rb6+ {[%clk 0:00:32]} Kf7
{[%clk 0:02:02]} 86. Rh6 {[%clk 0:00:24]} Rc4+ {[%clk 0:01:59]} 87. Be4
{[%clk 0:00:21]} Rc5 {[%clk 0:02:05]} 88. Bf5 {[%clk 0:00:15]} Rc4+
{[%clk 0:02:14]} 89. Kg3 {[%clk 0:00:16]} Rc3+ {[%clk 0:02:16]} 90. Kg2
{[%clk 0:00:20]} Rh3 {[%clk 0:02:19]} 91. Ra6 {[%clk 0:00:20]} Kg7
{[%clk 0:02:26]} 92. Be4 {[%clk 0:00:17]} Re3 {[%clk 0:02:13]} 93. Bf5
{[%clk 0:00:12]} h4 {[%clk 0:02:11]} 94. Rg6+ {[%clk 0:00:13]} Kf7
{[%clk 0:02:20]} 95. Rh6 {[%clk 0:00:13]} Rg3+ {[%clk 0:01:42]} 96. Kh2
{[%clk 0:00:20]} Rh3+ {[%clk 0:01:51]} 97. Kg2 {[%clk 0:00:29]} Rg3+
{[%clk 0:02:00]} 1/2-1/2

[Event "Rapid 2018"]
[Site "Saint-Petersburg"]
[Date "2018.12.28"]
[Round "15"]
[Board "46"]
[White "Bazeev German (RUS)"]
[Black "Shaposhnikov Evgeny (RUS)"]
[Result "1-0"]
[LiveChessVersion "1.4.8"]
[BlackElo "2613"]
[WhiteElo "2418"]

1. d4 {[%clk 0:15:18]} Nf6 {[%clk 0:15:18]} 2. Nf3 {[%clk 0:15:28]} e6
{[%clk 0:15:22]} 3. c4 {[%clk 0:15:30]} b6 {[%clk 0:15:31]} 4. Nc3
{[%clk 0:15:40]} Bb7 {[%clk 0:15:36]} 5. Bg5 {[%clk 0:15:48]} Bb4
{[%clk 0:15:42]} 6. Nd2 {[%clk 0:15:57]} h6 {[%clk 0:15:36]} 7. Bh4
{[%clk 0:16:04]} Nc6 {[%clk 0:15:34]} 8. e3 {[%clk 0:16:08]} Ne7 {[%clk 0:15:25]}
9. Bxf6 {[%clk 0:16:16]} gxf6 {[%clk 0:15:33]} 10. Rc1 {[%clk 0:16:16]} Rg8
{[%clk 0:14:59]} 11. e4 {[%clk 0:16:01]} f5 {[%clk 0:14:31]} 12. d5
{[%clk 0:16:09]} fxe4 {[%clk 0:13:55]} 13. Ndxe4 {[%clk 0:16:17]} Ng6
{[%clk 0:12:11]} 14. a3 {[%clk 0:16:24]} Bxc3+ {[%clk 0:11:53]} 15. Nxc3
{[%clk 0:15:30]} Qe7 {[%clk 0:11:42]} 16. Be2 {[%clk 0:15:21]} O-O-O
{[%clk 0:09:48]} 17. g3 {[%clk 0:14:29]} f5 {[%clk 0:09:25]} 18. O-O
{[%clk 0:11:51]} f4 {[%clk 0:09:09]} 19. Bf3 {[%clk 0:11:05]} fxg3
{[%clk 0:08:50]} 20. fxg3 {[%clk 0:10:44]} Ne5 {[%clk 0:08:18]} 21. Qd4
{[%clk 0:10:18]} Qg7 {[%clk 0:07:55]} 22. Qh4 {[%clk 0:09:56]} Rdf8
{[%clk 0:07:37]} 23. Be2 {[%clk 0:09:53]} Ng6 {[%clk 0:07:04]} 24. Rxf8+
{[%clk 0:09:52]} Rxf8 {[%clk 0:06:51]} 25. Qe4 {[%clk 0:09:38]} Nf4
{[%clk 0:06:32]} 26. Rf1 {[%clk 0:09:23]} Nxe2+ 27. Qxe2 {[%clk 0:09:23]} Qd4+
{[%clk 0:05:04]} 28. Kg2 {[%clk 0:09:28]} Rxf1 {[%clk 0:04:26]} 29. Qxf1
{[%clk 0:09:28]} Ba6 {[%clk 0:03:07]} 30. Qf8+ {[%clk 0:09:25]} Kb7
{[%clk 0:03:17]} 31. Qf3 {[%clk 0:08:48]} Kb8 {[%clk 0:03:26]} 32. Qf8+
{[%clk 0:08:52]} Kb7 {[%clk 0:03:35]} 33. dxe6 {[%clk 0:08:45]} dxe6
{[%clk 0:03:42]} 34. Qxh6 {[%clk 0:08:39]} Bxc4 {[%clk 0:03:25]} 35. Qf4
{[%clk 0:08:45]} Qxf4 {[%clk 0:02:27]} 36. gxf4 {[%clk 0:08:52]} Bd3
{[%clk 0:02:36]} 37. Kf3 {[%clk 0:08:54]} Kc6 {[%clk 0:02:41]} 38. Ke3
{[%clk 0:08:55]} Bf5 {[%clk 0:02:29]} 39. Kd4 {[%clk 0:09:04]} a6
{[%clk 0:02:22]} 40. h4 {[%clk 0:09:10]} Kd6 {[%clk 0:02:08]} 41. Ne4+
{[%clk 0:09:17]} Ke7 {[%clk 0:02:08]} 42. Ke5 {[%clk 0:08:55]} Bg4
{[%clk 0:01:03]} 43. Nf6 {[%clk 0:08:28]} Bf5 {[%clk 0:01:09]} 44. Ng8+
{[%clk 0:08:15]} Kf8 {[%clk 0:01:15]} 45. Nh6 {[%clk 0:08:24]} Bh3
{[%clk 0:01:20]} 46. Kf6 {[%clk 0:08:33]} c5 {[%clk 0:01:19]} 47. Nf7
{[%clk 0:08:40]} c4 {[%clk 0:00:50]} 48. Ng5 {[%clk 0:08:41]} Bg4
{[%clk 0:00:58]} 49. Nxe6+ {[%clk 0:08:47]} Kg8 {[%clk 0:01:06]} 50. Nc7
{[%clk 0:08:52]} a5 {[%clk 0:01:09]} 51. Ke5 {[%clk 0:08:15]} Kf7
{[%clk 0:01:14]} 52. f5 {[%clk 0:08:10]} Be2 {[%clk 0:01:24]} 53. Nd5
{[%clk 0:08:00]} b5 {[%clk 0:01:32]} 54. Nc3 {[%clk 0:08:06]} 1-0

[Event "Rapid 2018"]
[Site "Saint-Petersburg"]
[Date "2018.12.28"]
[Round "15"]
[Board "47"]
[White "Vokhidov Shamsiddin (UZB)"]
[Black "Demidov Mikhail (RUS)"]
[Result "1-0"]
[LiveChessVersion "1.4.8"]
[BlackElo "2595"]
[WhiteElo "2304"]

1. e4 {[%clk 0:15:19]} e6 {[%clk 0:15:19]} 2. d4 {[%clk 0:15:28]} d5
{[%clk 0:15:28]} 3. Nd2 {[%clk 0:15:37]} dxe4 {[%clk 0:15:25]} 4. Nxe4
{[%clk 0:15:46]} Bd7 {[%clk 0:15:34]} 5. Nf3 {[%clk 0:15:55]} Bc6
{[%clk 0:15:44]} 6. Bd3 {[%clk 0:16:04]} Nd7 {[%clk 0:15:52]} 7. c3
{[%clk 0:16:13]} Bxe4 {[%clk 0:15:55]} 8. Bxe4 {[%clk 0:16:21]} c6
{[%clk 0:16:04]} 9. Bf4 {[%clk 0:16:24]} Ngf6 {[%clk 0:16:12]} 10. Bc2
{[%clk 0:16:32]} g6 {[%clk 0:16:18]} 11. a4 {[%clk 0:16:39]} a5 {[%clk 0:16:22]}
12. Qe2 {[%clk 0:16:34]} Bg7 {[%clk 0:16:28]} 13. O-O {[%clk 0:16:38]} O-O
{[%clk 0:16:35]} 14. h3 {[%clk 0:16:47]} Re8 {[%clk 0:16:39]} 15. Rfe1
{[%clk 0:16:55]} Nd5 {[%clk 0:16:38]} 16. Bh2 {[%clk 0:17:01]} Bh6
{[%clk 0:16:32]} 17. Ne5 {[%clk 0:16:35]} Nxe5 {[%clk 0:16:17]} 18. Bxe5
{[%clk 0:16:35]} Bg7 {[%clk 0:15:16]} 19. Bg3 {[%clk 0:16:41]} Qd7
{[%clk 0:15:16]} 20. Rad1 {[%clk 0:16:25]} Rad8 {[%clk 0:15:19]} 21. Qf3
{[%clk 0:16:30]} Bf8 {[%clk 0:15:04]} 22. h4 {[%clk 0:16:32]} h5 {[%clk 0:14:35]}
23. Be5 {[%clk 0:16:36]} Bg7 {[%clk 0:14:30]} 24. g4 {[%clk 0:16:08]} hxg4
{[%clk 0:08:49]} 25. Qxg4 {[%clk 0:16:17]} f5 {[%clk 0:08:59]} 26. Qxg6
{[%clk 0:11:53]} Qf7 {[%clk 0:09:08]} 27. Qg5 {[%clk 0:11:14]} Kh7
{[%clk 0:08:22]} 28. Kh2 {[%clk 0:08:58]} Bxe5+ {[%clk 0:07:16]} 29. Rxe5
{[%clk 0:09:06]} Rg8 {[%clk 0:07:25]} 30. Rxf5 {[%clk 0:08:15]} Rxg5
{[%clk 0:06:45]} 31. Rxf7+ Kg8 32. Rxb7 {[%clk 0:08:18]} Rg7 {[%clk 0:07:04]} 33.
Rg1 {[%clk 0:08:13]} Rxg1 {[%clk 0:07:02]} 34. Kxg1 {[%clk 0:08:23]} Rf8
{[%clk 0:06:36]} 35. h5 {[%clk 0:08:25]} Rf6 {[%clk 0:06:31]} 36. Be4
{[%clk 0:08:20]} Nf4 {[%clk 0:06:39]} 37. Bxc6 {[%clk 0:07:48]} Nxh5
{[%clk 0:06:48]} 38. Be4 {[%clk 0:07:50]} Nf4 {[%clk 0:06:50]} 39. f3
{[%clk 0:07:59]} Rh6 {[%clk 0:06:21]} 40. b4 {[%clk 0:07:06]} Rh5
{[%clk 0:05:57]} 41. Kf2 {[%clk 0:07:01]} axb4 {[%clk 0:05:50]} 42. cxb4
{[%clk 0:07:08]} Rh1 {[%clk 0:05:59]} 43. b5 {[%clk 0:06:56]} Ra1
{[%clk 0:06:07]} 44. b6 {[%clk 0:06:56]} Ra2+ {[%clk 0:06:08]} 45. Ke3
{[%clk 0:06:26]} Ng2+ {[%clk 0:06:15]} 46. Kd3 {[%clk 0:06:34]} Nf4+
{[%clk 0:06:01]} 47. Kc3 {[%clk 0:06:43]} Ne2+ {[%clk 0:06:01]} 48. Kb3
{[%clk 0:06:48]} Nc1+ {[%clk 0:06:02]} 49. Kb4 {[%clk 0:06:56]} Rb2+
{[%clk 0:06:00]} 50. Kc3 {[%clk 0:07:04]} Ra2 {[%clk 0:06:06]} 51. Rc7
{[%clk 0:05:50]} 1-0

[Event "Rapid 2018"]
[Site "Saint-Petersburg"]
[Date "2018.12.28"]
[Round "15"]
[Board "48"]
[White "Tang Andrew (USA)"]
[Black "Sjugirov Sanan (RUS)"]
[Result "1-0"]
[LiveChessVersion "1.4.8"]
[BlackElo "2722"]
[WhiteElo "2281"]

1. d4 {[%clk 0:15:18]} Nf6 {[%clk 0:15:19]} 2. c4 {[%clk 0:15:27]} g6
{[%clk 0:15:24]} 3. f3 {[%clk 0:15:35]} c5 {[%clk 0:15:30]} 4. d5
{[%clk 0:15:44]} d6 {[%clk 0:15:37]} 5. e4 {[%clk 0:15:52]} Bg7 {[%clk 0:15:44]}
6. Nc3 {[%clk 0:16:01]} O-O {[%clk 0:15:41]} 7. Nge2 {[%clk 0:16:08]} e6
{[%clk 0:15:49]} 8. Ng3 {[%clk 0:16:17]} exd5 {[%clk 0:15:57]} 9. cxd5
{[%clk 0:16:25]} a6 {[%clk 0:15:22]} 10. a4 {[%clk 0:16:33]} h5 {[%clk 0:15:27]}
11. Bg5 {[%clk 0:16:41]} Qe8 {[%clk 0:14:58]} 12. Qd2 {[%clk 0:16:44]} Nbd7
{[%clk 0:14:50]} 13. Be2 {[%clk 0:16:48]} Nh7 {[%clk 0:14:55]} 14. Bh6
{[%clk 0:16:57]} Bxh6 {[%clk 0:14:07]} 15. Qxh6 {[%clk 0:17:04]} Qe5
{[%clk 0:14:14]} 16. f4 {[%clk 0:16:19]} Qg7 {[%clk 0:13:55]} 17. Qxg7+
{[%clk 0:16:26]} Kxg7 {[%clk 0:14:03]} 18. Nf1 {[%clk 0:16:00]} Nhf6
{[%clk 0:10:47]} 19. Nd2 {[%clk 0:15:52]} Rb8 {[%clk 0:10:43]} 20. Nc4
{[%clk 0:13:39]} Ne8 {[%clk 0:10:34]} 21. a5 {[%clk 0:13:17]} b5 {[%clk 0:10:32]}
22. axb6 {[%clk 0:13:25]} Nxb6 {[%clk 0:10:40]} 23. Na5 {[%clk 0:13:28]} Nc7
{[%clk 0:10:37]} 24. O-O {[%clk 0:11:52]} Bd7 {[%clk 0:10:33]} 25. Nc6
{[%clk 0:11:26]} Ra8 {[%clk 0:10:11]} 26. Rfd1 {[%clk 0:11:20]} Rfe8
{[%clk 0:10:00]} 27. Bf3 {[%clk 0:10:59]} f6 {[%clk 0:08:44]} 28. Kf2
{[%clk 0:08:37]} h4 {[%clk 0:08:43]} 29. g3 {[%clk 0:08:09]} hxg3+
{[%clk 0:08:50]} 30. hxg3 {[%clk 0:08:17]} g5 {[%clk 0:08:32]} 31. b3
{[%clk 0:07:04]} Rh8 {[%clk 0:08:03]} 32. Bg2 {[%clk 0:06:13]} Rae8
{[%clk 0:06:45]} 33. f5 {[%clk 0:04:17]} Ra8 {[%clk 0:06:06]} 34. Ra2
{[%clk 0:04:14]} Nc8 {[%clk 0:05:46]} 35. Na5 {[%clk 0:03:33]} Rb8
{[%clk 0:05:35]} 36. Kg1 {[%clk 0:03:24]} Rb4 {[%clk 0:05:17]} 37. Bf1
{[%clk 0:02:50]} Kf8 {[%clk 0:04:25]} 38. Rda1 {[%clk 0:02:13]} Ke8
{[%clk 0:04:02]} 39. Ra3 {[%clk 0:02:04]} Na7 {[%clk 0:03:33]} 40. Bxa6
{[%clk 0:01:33]} Ke7 {[%clk 0:02:47]} 41. Bc4 {[%clk 0:01:11]} Rhb8
{[%clk 0:02:31]} 42. Kf2 {[%clk 0:00:54]} Kf8 {[%clk 0:02:14]} 43. Nb7
{[%clk 0:00:39]} Nc8 {[%clk 0:01:55]} 44. Nd8 {[%clk 0:00:40]} Nb6
{[%clk 0:02:03]} 45. Ne6+ {[%clk 0:00:44]} Bxe6 {[%clk 0:02:08]} 46. dxe6
{[%clk 0:00:44]} Nxc4 {[%clk 0:02:15]} 47. bxc4 {[%clk 0:00:52]} Rxc4
{[%clk 0:02:22]} 48. Rh1 {[%clk 0:00:56]} Kg8 {[%clk 0:02:15]} 49. Rh6
{[%clk 0:01:01]} Ne8 {[%clk 0:01:35]} 50. Rg6+ {[%clk 0:00:59]} Kh8
{[%clk 0:01:31]} 51. Ke2 {[%clk 0:00:25]} d5 {[%clk 0:01:11]} 52. Ra1
{[%clk 0:00:15]} Rb2+ {[%clk 0:00:48]} 53. Kd3 {[%clk 0:00:24]} Rh2
{[%clk 0:00:18]} 54. Ra8 {[%clk 0:00:27]} Rd4+ {[%clk 0:00:19]} 55. Ke3
{[%clk 0:00:36]} Rhd2 {[%clk 0:00:24]} 56. Rxe8+ {[%clk 0:00:39]} Kh7
{[%clk 0:00:33]} 57. Re7+ {[%clk 0:00:23]} Kh8 {[%clk 0:00:42]} 58. Rh6+
{[%clk 0:00:24]} Kg8 {[%clk 0:00:51]} 59. Ne2 {[%clk 0:00:21]} R2d3+
{[%clk 0:00:36]} 60. Kf2 {[%clk 0:00:29]} Rxe4 {[%clk 0:00:44]} 61. Rg6+
{[%clk 0:00:31]} Kh8 {[%clk 0:00:53]} 62. Rxf6 {[%clk 0:00:39]} Kg8
{[%clk 0:00:59]} 63. Re8+ {[%clk 0:00:48]} 1-0

[Event "Rapid 2018"]
[Site "Saint-Petersburg"]
[Date "2018.12.28"]
[Round "15"]
[Board "49"]
[White "Kryakvin Dmitry (RUS)"]
[Black "Najer Evgeniy (RUS)"]
[Result "0-1"]
[LiveChessVersion "1.4.8"]
[BlackElo "2653"]
[WhiteElo "2529"]

1. d4 {[%clk 0:15:17]} f5 {[%clk 0:15:18]} 2. Bf4 {[%clk 0:15:24]} Nf6
{[%clk 0:15:23]} 3. e3 {[%clk 0:15:32]} g6 {[%clk 0:15:31]} 4. h4
{[%clk 0:15:29]} Bg7 {[%clk 0:15:15]} 5. h5 {[%clk 0:15:28]} d6 {[%clk 0:14:36]}
6. hxg6 {[%clk 0:14:50]} hxg6 {[%clk 0:14:44]} 7. Rxh8+ {[%clk 0:14:58]} Bxh8
{[%clk 0:14:53]} 8. Bc4 {[%clk 0:14:45]} Nc6 {[%clk 0:14:47]} 9. Nc3
{[%clk 0:13:26]} e6 {[%clk 0:13:44]} 10. Nf3 {[%clk 0:13:10]} Qe7
{[%clk 0:13:04]} 11. d5 {[%clk 0:11:22]} Nd8 {[%clk 0:13:12]} 12. Qd2
{[%clk 0:08:35]} e5 {[%clk 0:12:14]} 13. Bg5 {[%clk 0:08:18]} Nf7
{[%clk 0:11:54]} 14. O-O-O {[%clk 0:08:04]} Bd7 {[%clk 0:10:53]} 15. Nb5
{[%clk 0:07:21]} Bxb5 {[%clk 0:09:48]} 16. Bxb5+ {[%clk 0:07:27]} Kf8
{[%clk 0:09:57]} 17. Rh1 {[%clk 0:07:05]} Nxg5 {[%clk 0:08:28]} 18. Nxg5
{[%clk 0:05:38]} Kg8 {[%clk 0:08:36]} 19. Rh6 {[%clk 0:03:24]} Qg7
{[%clk 0:07:58]} 20. Rh3 {[%clk 0:03:33]} a6 {[%clk 0:07:37]} 21. Be2
{[%clk 0:03:26]} Rc8 {[%clk 0:06:52]} 22. Qb4 {[%clk 0:03:25]} c5
{[%clk 0:06:08]} 23. dxc6 {[%clk 0:02:21]} Rxc6 {[%clk 0:06:17]} 24. Qb3+
{[%clk 0:01:59]} d5 {[%clk 0:06:19]} 25. e4 {[%clk 0:02:02]} fxe4
{[%clk 0:05:32]} 26. Nxe4 {[%clk 0:01:53]} Qf7 {[%clk 0:05:33]} 27. Ng5
{[%clk 0:01:21]} Qd7 {[%clk 0:05:28]} 28. Qg3 {[%clk 0:00:45]} Qf5
{[%clk 0:03:33]} 29. c3 {[%clk 0:00:24]} Bg7 {[%clk 0:03:19]} 30. Bd1
{[%clk 0:00:18]} b5 {[%clk 0:02:03]} 31. Bc2 {[%clk 0:00:17]} e4 {[%clk 0:02:11]}
32. Bb3 {[%clk 0:00:17]} b4 {[%clk 0:01:57]} 33. Rh4 {[%clk 0:00:11]} bxc3
{[%clk 0:02:02]} 34. Rf4 {[%clk 0:00:19]} cxb2+ {[%clk 0:02:05]} 35. Kxb2
{[%clk 0:00:11]} Nh5+ {[%clk 0:01:55]} 0-1

[Event "Rapid 2018"]
[Site "Saint-Petersburg"]
[Date "2018.12.28"]
[Round "15"]
[Board "50"]
[White "Ghaem Maghami Ehsan (IRI)"]
[Black "Esipenko Andrey (RUS)"]
[Result "1-0"]
[LiveChessVersion "1.4.8"]
[BlackElo "2643"]
[WhiteElo "2524"]

1. e4 {[%clk 0:15:15]} e5 {[%clk 0:15:18]} 2. Nf3 {[%clk 0:15:17]} Nc6
{[%clk 0:15:26]} 3. Bc4 {[%clk 0:15:25]} Bc5 {[%clk 0:15:34]} 4. O-O
{[%clk 0:15:29]} Nf6 {[%clk 0:15:42]} 5. d3 {[%clk 0:15:36]} O-O {[%clk 0:15:48]}
6. c3 {[%clk 0:15:42]} a6 {[%clk 0:15:52]} 7. a4 {[%clk 0:15:10]} d6
{[%clk 0:15:35]} 8. Re1 {[%clk 0:14:35]} Ba7 {[%clk 0:15:37]} 9. Nbd2
{[%clk 0:14:37]} Re8 {[%clk 0:14:26]} 10. Nf1 {[%clk 0:14:27]} Be6
{[%clk 0:14:32]} 11. Bg5 {[%clk 0:13:48]} h6 {[%clk 0:13:45]} 12. Bh4
{[%clk 0:13:55]} Bxc4 {[%clk 0:13:36]} 13. dxc4 {[%clk 0:14:01]} Nb8
{[%clk 0:13:45]} 14. N3d2 {[%clk 0:12:16]} Nbd7 {[%clk 0:13:38]} 15. Qf3
{[%clk 0:12:03]} Qe7 {[%clk 0:13:31]} 16. Ne3 {[%clk 0:11:58]} Bxe3
{[%clk 0:13:15]} 17. Qxe3 {[%clk 0:11:59]} a5 {[%clk 0:12:39]} 18. f3
{[%clk 0:10:36]} Qe6 {[%clk 0:12:40]} 19. Bf2 {[%clk 0:10:29]} Nh5
{[%clk 0:11:59]} 20. g3 {[%clk 0:10:26]} Kh7 {[%clk 0:11:54]} 21. Qd3
{[%clk 0:10:22]} Rf8 {[%clk 0:10:57]} 22. b4 {[%clk 0:08:12]} Nhf6
{[%clk 0:09:49]} 23. Nf1 {[%clk 0:07:46]} Rfc8 {[%clk 0:08:41]} 24. Ne3
{[%clk 0:07:28]} Qe8 {[%clk 0:08:49]} 25. Nd5 {[%clk 0:05:11]} Kg8
{[%clk 0:07:38]} 26. Reb1 {[%clk 0:04:34]} b6 {[%clk 0:07:14]} 27. Rd1
{[%clk 0:04:27]} Nxd5 {[%clk 0:06:49]} 28. cxd5 {[%clk 0:03:33]} Nf8
{[%clk 0:06:36]} 29. Qb5 {[%clk 0:02:50]} Qxb5 {[%clk 0:06:07]} 30. axb5
{[%clk 0:02:59]} axb4 {[%clk 0:06:16]} 31. cxb4 {[%clk 0:03:05]} Rxa1
{[%clk 0:05:50]} 32. Rxa1 {[%clk 0:03:13]} Ng6 {[%clk 0:05:32]} 33. Ra7
{[%clk 0:01:54]} Kf8 {[%clk 0:05:21]} 34. Kf1 {[%clk 0:01:15]} Ke8
{[%clk 0:05:28]} 35. Ke2 {[%clk 0:01:17]} Kd8 {[%clk 0:05:33]} 36. Kd3
{[%clk 0:01:10]} Rb8 {[%clk 0:05:40]} 37. Be3 {[%clk 0:01:13]} Ne7
{[%clk 0:05:38]} 38. g4 {[%clk 0:01:08]} Ng6 {[%clk 0:04:42]} 39. Ke2
{[%clk 0:01:09]} Nh4 {[%clk 0:04:13]} 40. Bf2 {[%clk 0:01:12]} Ng6
{[%clk 0:04:15]} 41. Be3 {[%clk 0:01:21]} Kd7 {[%clk 0:04:01]} 42. Kf2
{[%clk 0:00:48]} Ne7 {[%clk 0:03:52]} 43. Ke2 {[%clk 0:00:54]} Ng8
{[%clk 0:01:53]} 44. Kf2 {[%clk 0:00:38]} Nf6 {[%clk 0:01:52]} 45. h3
{[%clk 0:00:31]} Nh7 {[%clk 0:01:31]} 46. h4 {[%clk 0:00:36]} Nf6
{[%clk 0:01:36]} 47. h5 {[%clk 0:00:40]} Ng8 {[%clk 0:01:37]} 48. Kg3
{[%clk 0:00:35]} Ne7 {[%clk 0:01:10]} 49. f4 {[%clk 0:00:25]} f6 {[%clk 0:01:01]}
50. Ra2 {[%clk 0:00:21]} Nc8 {[%clk 0:00:57]} 51. Kf3 {[%clk 0:00:19]} Rb7
{[%clk 0:00:58]} 52. g5 {[%clk 0:00:26]} hxg5 {[%clk 0:00:46]} 53. fxg5
{[%clk 0:00:34]} fxg5 {[%clk 0:00:55]} 54. Kg4 {[%clk 0:00:16]} Ke7
{[%clk 0:00:25]} 55. Rf2 {[%clk 0:00:14]} Ra7 {[%clk 0:00:17]} 56. Bxg5+ Ke8 57.
Kf5 {[%clk 0:00:24]} Kf7 {[%clk 0:00:29]} 58. Rc2 {[%clk 0:00:30]} Rb7
{[%clk 0:00:13]} 59. Bd8 Na7 60. Rxc7+ {[%clk 0:00:32]} Rxc7 {[%clk 0:00:32]} 61.
Bxc7 {[%clk 0:00:41]} Nxb5 {[%clk 0:00:39]} 62. Bxb6 {[%clk 0:00:50]} Nc3
{[%clk 0:00:43]} 63. Be3 {[%clk 0:00:31]} Nb5 {[%clk 0:00:50]} 64. Kg4
{[%clk 0:00:30]} Nc3 {[%clk 0:00:53]} 65. Kf3 {[%clk 0:00:37]} Ke7
{[%clk 0:00:35]} 66. Bd2 {[%clk 0:00:36]} Nb5 {[%clk 0:00:44]} 67. Ke2
{[%clk 0:00:31]} Nd4+ {[%clk 0:00:38]} 68. Ke3 {[%clk 0:00:33]} Kd7
{[%clk 0:00:43]} 69. Bc3 {[%clk 0:00:19]} Nb5 {[%clk 0:00:52]} 70. Kd3
{[%clk 0:00:24]} Kc7 {[%clk 0:00:42]} 71. Bb2 {[%clk 0:00:24]} Kb6
{[%clk 0:00:44]} 72. Kc4 {[%clk 0:00:32]} Nc7 {[%clk 0:00:38]} 73. Bc1
{[%clk 0:00:39]} Kb7 {[%clk 0:00:17]} 74. Bg5 {[%clk 0:00:43]} Kc8
{[%clk 0:00:21]} 75. Bf6 {[%clk 0:00:36]} 1-0